000 00453nam a2200193Ia 4500
005 20250603145210.0
008 250603s9999 xx 000 0 und d
020 _a9780273764113
050 _aQA 76.9 .A42/
100 _aLevitin, Anany
245 0 _aIntroduction to the design & analysis of algorithms
250 _a3rd. ed.
260 _aBoston
260 _bPearson
260 _c2012
300 _a589 p
650 _aBoston
942 _cBK
999 _c41164
_d41164